000 01085cam a22003377a 4500
003 CHAP
005 20220329133223.0
008 971013s1988 r 00010 d
010 _a3555
011 _a4527
035 _a3731
040 _cCHAP
082 _a636.20892
_bH6
100 0 0 _aHodson, P. N.
_955761
245 1 4 _aThe rumen microbial ecosystem
260 _aLondon :
_bElsevier,
_c1988
300 _a527 p
500 _aD50-125
590 _aBATCH-UPD
_b10
_c20130110
_lUCH01
_h0006
590 _aBATCH-UPD
_b10
_c20130110
_lUCH01
_h2147
590 _aBATCH-UPD
_b10
_c20130409
_lUCH01
_h1942
590 _aBATCH-UPD
_b10
_c20130410
_lUCH01
_h1455
590 _aBATCH-UPD
_b10
_c20130914
_lUCH01
_h1643
590 _aCONVERSION
_b10
_c20130109
_lUCH01
_h1303
650 1 4 _aRumen
_xMicrobiología.
_9100838
650 1 4 _aRumiantes
_xAnatomía y fisiología.
_9100843
901 _aBK
942 _cLIBRO
949 _a636.20892 H6
_bBC
_cLIBRO
_d-13256
_eLIBRO
_gI.151513
_h78196
_i3731
_si
_t494.56
949 _a636.20892 H6
_bBC
_cLIBRO
_d33724000097200
_eLIBRO
_fc.2
_h79315
_i3731
_so
_t459.61
999 _c3555
_d3555